Statistics for 4-Letter Geography in the Americas

Click here to take the quiz!

General Stats

  • This quiz has been taken 288 times
  • The average score is 9 of 12

Answer Stats

Hint4-letters% Correct
U.S. State of Salt Lake CityUtah
99%
Country of GuantanamoCuba
93%
Country of Machu PicchuPeru
91%
U.S State in the Great Lakes regionOhio
90%
Capital of that countryLima
86%
The fourth-largest of the Great LakesErie
84%
U.S. State in the Midwestern United StatesIowa
83%
Honolulu's islandOahu
80%
City in Arizona that means ''table'' in spanishMesa
71%
Michael Jackson's hometownGary
47%
3rd most populated city in ColombiaCali
42%
Man-made lake in Venezuela serving the Simon Bolivar Hydroelectric PlantGuri
8%

Score Distribution

Percentile by Number Answered

Percent of People with Each Score

Your Score History

You have not taken this quiz